000 00476nam a2200181Ia 4500
001 8588
005 20260306160620.0
008 260306t2003||||xx |||||||||||||| ||spa||
041 _aESP
082 _a371.2
_bA48A
100 _aAlvarado Oyarce, Otoniel
_eAUT
245 0 _aGerencia y marketing educativo:
_bherramientas modernas de gestión educativa
260 _c2003
300 _a182 páginas :
_c21 cm.
650 _aGEN
654 _aCED
942 _cLIB
_dJUS
_fJUS
_2ddc
_n
999 _c8588
_d8588